| 000 | 00811cab a2200241 4500 | ||
|---|---|---|---|
| 001 | ABS53795 | ||
| 008 | 090401t1995 xxu||||| |||| 00| 0 eng d | ||
| 035 | _a(Sirsi) u6639 | ||
| 041 | _aeng | ||
| 100 | _aPawlowski, M. | ||
| 245 | _aAcceptance of repudiatory breach in leases | ||
| 260 | _c1995 | ||
| 350 | _a0 | ||
| 490 |
_aThe Conveyancer _vSeptember/October 1995, 379-390(12) |
||
| 520 | _aConsiders approaches to fundamental breaches in a lease. Reviews English law and Australian and Canadian cases. Concludes that the contractual doctrine of repudiatory breach may benefit landlord and tenant. | ||
| 650 | _aDETERMINATION | ||
| 650 | _aFUNDAMENTAL BREACH | ||
| 650 | _aLEASES | ||
| 650 | _aREPUDIATION | ||
| 690 | _aLANDLORD AND TENANT-LEASEHOLD REFORM | ||
| 942 | _n0 | ||
| 948 | _c04/03/1997 | ||
| 999 |
_c3960 _d3960 |
||